All Countries Starting With A - Statistics

General Stats
  • This quiz has been taken 28 times
  • The average score is 9 of 11
Answer Stats
Answer % Correct
Afghanistan
93%
Albania
93%
Algeria
85%
Azerbaijan
81%
Andorra
78%
Angola
78%
Antigua and Barbuda
78%
Armenia
78%
Australia
78%
Austria
78%
Argentina
70%
No matching quizzes found
Score Distribution
Percent of People with Each Score
Percentile by Number Answered
Your Score History
You have not taken this quiz